000 00447nam a22001697a 4500
005 20251108164300.0
008 250721s1967 xx 000 0 ara d
082 1 4 _a627.52565/أدو
100 1 _aرزق، أدوراد
245 1 0 _aنهر الأردن و روافده /
264 1 _aعمان :
_bوزارة الأعلام،
_c1967.
300 _a85ص
650 1 7 _aالأنهار
650 1 7 _aالري
942 _2ddc
_cBK
999 _c8270
_d8270